01111nam a22002535i 4500001000700000003000900007005001700016008004100033080002900074100003700103245005700140260008300197300007500280490005800355500001400413500004300427504003000470546008000500600003500580830006600615852003500681999001900716952012200735177724ES-MaACL20230906220409.0110414s1948 be f |||| | fre d a75 Berghe, Frits van den1 aHecke, Paul Gustave van.914619310aFrits van den Berghe / cpar Paul-Gustave van Hecke. aAnvers : bDe Sikkel, pour le Ministere de l'Instruction Publique,ccop. 1948. a13, [24] p. de lám. bl. y n. , [2] h. de lám. col. y n. ; c25 cm.1 aMonographies de l'art belge. Deuxième Série ; v9 aÍndice. aFalta 1 lámina, que ha sido cortada. aBibliografía: p. 11-12. aTexto en francés, leyenda de las ilustraciones en francés y holandés.14aBerghe, Frits van den.91461940 aMonographies de l'art belge. Deuxième Série ; v99190568 aES-MaACLjE-14914 xOlim P-972 c177724d177724 00104070aATENEOMbATENEOMcDEPO2d2011-04-14eSCl0oE-14914p1186675r2023-02-23 00:00:00w2023-02-23yMONOGRAFIA